Statistics for Top 10 NBA Power Forwards Of All Time

Click here to take the quiz!

General Stats

  • This quiz has been taken 996 times
  • The average score is 5 of 10

Answer Stats

RankPlayer% Correct
2Tim Duncan
94%
1Karl Malone
74%
8Dirk Nowitzki
73%
3Kevin Garnett
72%
4Charles Barkley
50%
9Dennis Rodman
43%
5Kevin McHale
38%
6Bob Pettit
24%
10Dolph Schayes
20%
7Elvin Hayes
20%

Score Distribution

Percentile by Number Answered

Percent of People with Each Score

Your Score History

You have not taken this quiz